Collin Estates Ltd v Buckley (Record no. 37957)

MARC details
000 -LEADER
fixed length control field 01728cab a2200277 4500
001 - CONTROL NUMBER
control field ABS47268
008 - FIXED-LENGTH DATA ELEMENTS--GENERAL INFORMATION
fixed length control field 090401t1992 xxu||||| |||| 00| 0 eng d
035 ## - SYSTEM CONTROL NUMBER
System control number (Sirsi) u61313
041 ## - LANGUAGE CODE
Language code of text/sound track or separate title eng
245 ## - TITLE STATEMENT
Title Collin Estates Ltd v Buckley
260 ## - PUBLICATION, DISTRIBUTION, ETC.
Date of publication, distribution, etc. 1992
350 ## - PRICE (NR) (BK AM CF MU VM SE) [OBSOLETE]
Price 0
490 ## - SERIES STATEMENT
Series statement Estates Gazette
Volume/sequential designation (1992) 40 EG 151-152(2)
520 ## - SUMMARY, ETC.
Summary, etc. CA 24 July 1992. By a lease dated 1 July 1986 the landlords, C, granted a company, J, a three year lease on premises. B was the principal director of this company and was under clause 7 of the lease the surety for J`s obligations. At the end of the lease J applied for a new tenancy under Landlord and Tenant Act 1954 however in March 1990 J gave notice of discontinuance of its application and the tenancy came to an end three months later. C commenced proceedings for interim rent to cover the period from the end of the tenancy, June 1989 to June 1990 when the statutory tenancy came to an end. Those proceedings were compromised on 4 February 1991 by a consent order under which C`s claim was to be discontinued on the basis that J paid £10,000 in four installments. J went into liquidation in March 1991. C were therefore now suing B for the money. However B contended that a number of disputes were involved and that the order was made without admission of liability by J and it created a who
650 ## - SUBJECT ADDED ENTRY--TOPICAL TERM
Topical term or geographic name entry element BUSINESS TENANCIES
650 ## - SUBJECT ADDED ENTRY--TOPICAL TERM
Topical term or geographic name entry element CONSENT ORDER
650 ## - SUBJECT ADDED ENTRY--TOPICAL TERM
Topical term or geographic name entry element GUARANTORS
650 ## - SUBJECT ADDED ENTRY--TOPICAL TERM
Topical term or geographic name entry element INTERIM RENT
650 ## - SUBJECT ADDED ENTRY--TOPICAL TERM
Topical term or geographic name entry element LANDLORD AND TENANT ACT 1954
650 ## - SUBJECT ADDED ENTRY--TOPICAL TERM
Topical term or geographic name entry element LAW OF PROPERTY ACT 1925 S146
650 ## - SUBJECT ADDED ENTRY--TOPICAL TERM
Topical term or geographic name entry element LIABILITY OF SURETY
650 ## - SUBJECT ADDED ENTRY--TOPICAL TERM
Topical term or geographic name entry element STATUTORY TENANCY
690 ## - LOCAL SUBJECT ADDED ENTRY--TOPICAL TERM (OCLC, RLIN)
Topical term or geographic name as entry element LANDLORD AND TENANT-CASE LAW-BUSINESS TENANCIES
942 ## - ADDED ENTRY ELEMENTS (KOHA)
Suppress in OPAC 0
948 ## - LOCAL PROCESSING INFORMATION (OCLC); SERIES PART DESIGNATOR (RLIN)
c (OCLC) 04/03/1997
Holdings
Withdrawn status Lost status Source of classification or shelving scheme Damaged status Not for loan Home library Current library Shelving location Date acquired Total Checkouts Full call number Barcode Date last seen Copy number Price effective from Koha item type
    Dewey Decimal Classification     London London Journal article 14/09/1999   ABS47268 61313-1001 06/08/2019 1 06/08/2019 Law report